000 01339nam a22001817a 4500
999 _c63817
_d63817
003 Ge_BSU
005 20260126210249.0
008 260126s2026 ge ||||| |||| 00| 0 geo d
041 _ageo
080 _a82 კ-73
100 _aკონცელიძე, ზეინაბ
_926739
245 _aტყუილის ლინგვო-პრაგმატიკული თავისებურებები განათლების დისკურსში :
_bდისერტაცია /
_cზეინაბ კონცელიძე; სამეცნიერო ხელმძღვანელი ნათია ქთამაძე; ბსუ. ჰუმანიტარულ მეცნიერებათა ფაკულტეტი. ევროპეისტიკის დეპარტამენტი.
653 _aდისერტაცია
653 _aინგლისური ფილოლოგია
700 _aქთამაძე, ნათია
_eსამეცნიერო ხელმძღვანელი
_926740
710 _aბსუ.
_bჰუმანიტარულ მეცნიერებათა ფაკულტეტი. ევროპეისტიკის დეპარტამენტი.
_925564
942 _2udc
_cDS